Diseño del laboratorio de inspección física y química de materias primas en una empresa de dispositivos médicos
Tallennettuna:
| Päätekijä: | |
|---|---|
| Aineistotyyppi: | Kirja |
| Kieli: | Spanish |
| Julkaistu: |
San José, Costa Rica
2017
|
| Aiheet: | |
| Tagit: |
Lisää tagi
Ei tageja, Lisää ensimmäinen tagi!
|
MARC
| LEADER | 00000nam a22000007a 4500 | ||
|---|---|---|---|
| 003 | 012600 | ||
| 005 | 20221231144215.0 | ||
| 008 | 170524b2017 cr a|||| m||| 00| ||spa d | ||
| 040 | |c cru CEDI | ||
| 090 | |a TFG 7751 | ||
| 100 | |9 8564 |a Solano Camacho, María Laura | ||
| 245 | |a Diseño del laboratorio de inspección física y química de materias primas en una empresa de dispositivos médicos | ||
| 260 | |a San José, Costa Rica |c 2017 | ||
| 300 | |a xi, 147 hojas; ilustraciones a color | ||
| 500 | |a Proyecto de graduación (licenciatura en ingeniería química)--Universidad de Costa Rica. Facultad de Ingeniería. Escuela de Ingeniería Química | ||
| 650 | |x PROCESOS DE MANUFACTURA |x NORMALIZACION |x PROCESOS DE MANUFACTURA - EVALUACION |x PROCESOS DE MANUFACTURA - CONTROL DE CALIDAD |x CONTROL DE CALIDAD |9 8565 | ||
| 942 | |c TFG | ||
| 999 | |c 18446 |d 18446 | ||
